[Event "Ramco Open 2018"]
[Site "Virudhunagar"]
[Date "2018.11.30"]
[Round "4"]
[White "Srihari L R"]
[Black "Prakashram R"]
[Result "1-0"]
[WhiteElo "2282"]
[BlackElo "1953"]
[Annotator "RC"]
[PlyCount "43"]
[EventDate "2018.11.29"]
[EventType "swiss"]
[EventCountry "IND"]
[SourceTitle "playchess.com"]
[Source "ChessBase"]
[SourceQuality "1"]
[TimeControl "5400+30"]

1. Nf3 {[%emt 0:00:00]} c5 {[%emt 0:00:42]} 2. g3 {[%emt 0:00:34]} Nf6 {[%emt 0:01:05]} 3. Bg2 {[%emt 0:00:30]} g6 {[%emt 0:01:36]} 4. b3 {[%emt 0:03:48]} Bg7 {[%emt 0:00:10]} 5. Bb2 {[%emt 0:00:12]} O-O {[%emt 0:00:27]} 6. O-O {[%emt 0:00:07]} d5 {[%emt 0:01:37]} 7. c4 {[%emt 0:00:49]} d4 {[%emt 0:00:59]} 8. b4 {[%emt 0:05:29]} Nfd7 {[%emt 0:01:54]} 9. d3 {[%emt 0:03:22]} e5 {[%emt 0:02:04]} 10. Nbd2 {[%emt 0:08:58]} Re8 {[%emt 0:01:23]} 11. Ne4 {[%emt 0:05:46]} Qc7 {[%emt 0:01:37]} 12. bxc5 {[%emt 0:17:05]} Nxc5 {[%emt 0:00:17]} 13. Nxc5 {[%emt 0:00:02]} Qxc5 {[%emt 0:00:10]} 14. Nd2 {[%emt 0:00:06]} Nc6 {[%emt 0:01:24]} 15. a4 {[%emt 0:00:50]} a5 {[%emt 0:05:11]} 16. Ne4 {[%emt 0:09:25]} Qe7 {[%emt 0:00:56]} 17. Ba3 {[%emt 0:01:34]} Nb4 {[%emt 0:00:09]} 18. c5 {[%emt 0:00:06]} Rd8 {[%emt 0:04:09]} 19. Qd2 {[%emt 0:05:43]} Nc6 {[%emt 0:04:08]} 20. Nd6 {[%emt 0:01:07]} Be6 {[%emt 0:01:17]} 21. Rfb1 {[%emt 0:00:20]} Rab8 {[%emt 0:02:54]} 22. Rb6 {[%emt 0:01:46]} 1-0

[Event "Ramco Open 2018"]
[Site "Virudhunagar"]
[Date "2018.11.30"]
[Round "4"]
[White "Anilkumar, O.T."]
[Black "Harikrishnan.A.Ra"]
[Result "0-1"]
[WhiteElo "2025"]
[BlackElo "2420"]
[Annotator "TA"]
[PlyCount "148"]
[EventDate "2018.11.29"]
[EventType "swiss"]
[EventCountry "IND"]
[SourceTitle "playchess.com"]
[Source "ChessBase"]
[SourceQuality "1"]

{[%evp 9,148,-56,-12,-37,27,-50,-39,-52,-47,-85,-63,-113,-83,-61,-30,-34,-20,-39,-7,-31,-16,-20,-10,-21,0,-12,0,0,1,1,1,8,26,25,24,11,17,0,0,0,0,0,0,-37,-44,-92,-106,-114,-5,-13,-5,0,-8,-13,-11,-5,0,-30,-28,-56,-16,-85,-71,-92,-59,-110,-107,-143,-151,-146,-146,-216,-174,-236,-251,-238,-232,-375,-391,-379,-383,-356,-354,-332,-199,-222,-198,-198,-198,-191,-156,-159,-158,-162,-156,-159,-133,-136,-125,-158,-161,-179,-179,-178,-52,-43,-36,-37,-51,-33,0,0,0,-36,-48,-72,-72,-177,0,0,0,0,0,0,0,0,0,0,0,-29977,-29972,-29972,-29972,-29972,-29973,-29973,-29974,-29974,-29975,-29983,-29984]} 1. g3 e5 2. Bg2 d5 3. c3 Nc6 (3... Nf6 4. d4 Nbd7 5. Nf3 Bd6 6. dxe5 Nxe5 7. Nxe5 Bxe5 8. Bf4 Bxf4 9. Qa4+ c6 10. Qxf4 O-O 11. Nd2 Re8 {0-1 (29) Moussard,J (2571)-Adams,M (2709) Caleta 2018}) 4. d4 e4 5. Be3 $146 ({Predecessor:} 5. f3 Bf5 6. Nd2 Nf6 7. fxe4 dxe4 8. Nc4 Qd7 9. Ne3 Bg6 10. Nh3 Bd6 11. Kf1 {½-½ (89) Bartel,M (2569)-Kosteniuk,A (2531) playchess.com INT 2006}) 5... Nf6 6. f3 {A00: Irregular Openings} Bd6 (6... exf3 $15 7. Nxf3 Bd6) 7. Nd2 (7. Bg5 $11) 7... exf3 $1 $15 8. exf3 {Black is slightly better.} O-O 9. Kf2 Re8 10. Nh3 Ne7 ({Reject} 10... Qe7 $6 11. Re1 $11) (10... Bf5 {with more complications.} 11. Nf1 Bd7 12. Kg1 Ne7 13. Qd2 Nf5) 11. Re1 Ng6 (11... Nf5 {seems wilder.} 12. Bg5 Rxe1 13. Qxe1 c5 14. g4 cxd4 15. gxf5 Bxf5 16. Kg1 h6) 12. Kg1 Be6 13. Nf1 Qd7 14. Nf2 h6 15. Qd2 c6 16. Nd3 Qc7 17. Bf2 Nh7 18. Re2 Ng5 19. Rae1 Re7 20. f4 Ne4 (20... Nh3+ {keeps more tension.} 21. Kh1 Rae8 22. Ne3 Qc8 23. Bg1 h5) 21. Bxe4 dxe4 22. Rxe4 Bxa2 23. f5 Rxe4 24. Rxe4 Bd5 25. Re1 Nf8 26. Ne5 Nh7 {Hoping for ...Bxe5.} 27. c4 Bxe5 $1 28. cxd5 Ng5 ({Black should try} 28... Bf6 $17 29. Qd3 cxd5) 29. Kg2 $1 $11 Bd6 30. h4 Nh7 {White should prevent ...Qb6.} 31. Rc1 Nf6 $36 {[%mdl 2048] Black has some pressure.} 32. dxc6 bxc6 33. Qc2 Rc8 34. Ne3 Qe7 35. Re1 (35. Qe2 $11 {remains equal.}) 35... Qb7 36. Nc4 Bf8 37. Kg1 (37. Qd3 $15) 37... c5 $1 $17 38. dxc5 Bxc5 39. Bxc5 Rxc5 40. Qe2 (40. Qd3 $17) 40... Rxf5 41. Ne5 (41. Qd3 {was worth a try.} Rf3 42. Re3 Rxe3 43. Qxe3) 41... Qb6+ $19 42. Kg2 h5 43. Rf1 (43. Qc2 {was necessary.} g6 44. Re2) 43... Qb7+ 44. Nf3 Ng4 45. Kh3 Qc8 46. Kg2 Rc5 (46... g6 $142 47. Rd1 Qb7 48. Rd8+ Kg7) 47. Rd1 Rc2 48. Rd2 Rxd2 49. Qxd2 Qb7 50. Qd8+ Kh7 51. Qd3+ g6 52. Qc3 f6 53. Kg1 Qb6+ 54. Kh1 Nf2+ 55. Kg2 Nd1 56. Qe1 Qxb2+ (56... Ne3+ $1 $19 57. Kh1 Nf5) 57. Kh1 $15 Nf2+ 58. Kg1 Nh3+ 59. Kh1 Nf2+ 60. Kg1 Nh3+ (60... Ng4 $5 61. Qe7+ $8 {[%mdl 64] Double Attack} Kg8 62. Qe8+ Kh7 63. Qf7+ Kh6 64. Qf8+ Kh7 65. Qf7+ Kh8 66. Qe8+ Kh7 67. Qf7+ $11) 61. Kh1 Qb7 62. Kg2 g5 {Strongly threatening ...g4.} 63. Kh2 {[#]} (63. Qe8 $17 {was forced.} Qb2+ 64. Kh1) 63... Qxf3 $2 (63... g4 $1 $19 {[%cal Rg4f3]} 64. Nd2 Qf7) 64. Qe7+ $11 Kg6 65. Qe8+ Kf5 66. Qd7+ Ke4 {( -> ...Qf2+)} 67. Qb7+ Ke3 68. Qxa7+ Ke2 69. Qa6+ $2 {[%mdl 8192]} (69. Qa2+ $11 Ke1 70. Qa5+ Kf1 71. Qa1+ Kf2 72. Qd4+ Qe3 73. Qxf6+ Nf4 74. Qxg5) 69... Ke1 {Black mates.} 70. Qa5+ Kf2 {[%csl Gf2][%cal Rf3g2]} 71. Qb6+ Qe3 72. Qxf6+ {[#]} Nf4 $1 73. Qxg5 {[#]} (73. gxf4 Qg3+) 73... Nd3 $1 74. Qf5+ Qf3 {Accuracy: White = 40%, Black = 51%.} 0-1

[Event "Ramco Open 2018"]
[Site "Virudhunagar"]
[Date "2018.11.30"]
[Round "4"]
[White "Harshad S"]
[Black "Ravi, Thandalam Shanmugam"]
[Result "1/2-1/2"]
[WhiteElo "1939"]
[BlackElo "2294"]
[Annotator "RC"]
[PlyCount "41"]
[EventDate "2018.11.29"]
[EventType "swiss"]
[EventCountry "IND"]
[SourceTitle "playchess.com"]
[Source "ChessBase"]
[SourceQuality "1"]
[TimeControl "5400+30"]

1. e4 {[%emt 0:00:00]} e5 {[%emt 0:00:00]} 2. Nf3 {[%emt 0:00:00]} Nc6 {[%emt 0:00:00]} 3. Bc4 {[%emt 0:03:09]} Bc5 {[%emt 0:00:04]} 4. c3 {[%emt 0:00:35]} Nf6 {[%emt 0:00:29]} 5. d4 {[%emt 0:00:29]} exd4 {[%emt 0:00:03]} 6. e5 {[%emt 0:02:39]} d5 {[%emt 0:06:16]} 7. Bb5 {[%emt 0:00:17]} Ne4 {[%emt 0:01:45]} 8. cxd4 {[%emt 0:00:09]} Bb6 {[%emt 0:12:45]} 9. Be3 {[%emt 0:03:51]} O-O {[%emt 0:05:46]} 10. O-O {[%emt 0:00:41]} f6 {[%emt 0:03:27]} 11. exf6 {[%emt 0:00:54]} Qxf6 {[%emt 0:00:45]} 12. Nc3 {[%emt 0:01:22]} Nxc3 {[%emt 0:06:08]} 13. bxc3 {[%emt 0:00:45]} Bg4 {[%emt 0:07:14]} 14. Be2 {[%emt 0:02:09]} Bxf3 {[%emt 0:04:19]} 15. Bxf3 {[%emt 0:00:33]} Rad8 {[%emt 0:00:11]} 16. Be2 {[%emt 0:03:35]} Ne7 {[%emt 0:09:54]} 17. Qd2 {[%emt 0:00:58]} c6 {[%emt 0:02:55]} 18. Bg5 {[%emt 0:02:56]} Qf7 {[%emt 0:09:09]} 19. Bh5 {[%emt 0:02:09]} g6 {[%emt 0:02:53]} 20. Rfe1 {[%emt 0:01:59]} Rd7 {[%emt 0:08:38]} 21. Bg4 {[%emt 0:01:15]} 1/2-1/2

[Event "Ramco Open 2018"]
[Site "Virudhunagar"]
[Date "2018.12.01"]
[Round "5"]
[White "Harikrishnan.A.Ra"]
[Black "Senthil Maran K"]
[Result "1-0"]
[WhiteElo "2420"]
[BlackElo "2197"]
[Annotator "TA"]
[PlyCount "79"]
[EventDate "2018.11.29"]
[EventType "swiss"]
[EventCountry "IND"]
[SourceTitle "playchess.com"]
[Source "ChessBase"]
[SourceQuality "1"]

{[%evp 20,78,9,0,15,7,39,0,0,0,0,0,0,0,0,0,0,0,34,18,14,10,5,0,0,0,0,0,0,0,54,8,14,0,0,0,0,-32,0,0,113,0,0,0,0,0,666,636,1751,1748,1698,1714,861,861,29989,29990,29996,29997,29998,29999,29999]} 1. e4 d6 2. d4 Nf6 3. Nc3 g6 4. Nf3 Bg7 5. Be2 O-O 6. O-O a6 7. a4 Nc6 8. d5 {B08: Pirc Defence: Classical System} Nb4 9. a5 e6 10. Be3 exd5 11. exd5 {LiveBook: 3 Games} c6 $146 ({Predecessor:} 11... Bf5 12. Nd4 Bd7 13. Bf3 Re8 14. Qd2 Qe7 15. Bg5 c5 16. dxc6 bxc6 {1-0 (58) Korobov,A (2652)-Vitiugov,N (2721) Czech Republic 2017}) 12. Bb6 Qe7 {[%cal Rf6d5]} 13. Re1 Nfxd5 14. Nxd5 Nxd5 15. Bc4 $1 Be6 16. Bxd5 $1 cxd5 17. Bd4 Rfe8 18. Ra3 Qd7 19. Bxg7 Kxg7 20. Nd4 Bg4 21. f3 {aiming for Rxe8.} Rxe1+ 22. Qxe1 Be6 23. Re3 {[%cal Rd4e6]} (23. Rb3 {is more complex.} Rc8 24. Rb6 Qe7 25. c3 Rc5 26. b4) 23... Re8 24. f4 {With the idea f5!} Kf8 (24... Qc8 $11) 25. h3 Qa4 26. Qc3 Qc4 27. Qd2 Bd7 28. Rxe8+ (28. Rc3 {with more complications.} Qb4 29. f5 Qxb2 30. Qh6+ Ke7 31. Qh4+) 28... Bxe8 29. f5 {Threatens to win with f6.} Kg7 {[#]} (29... Bb5 $11 {remains equal.}) 30. Qf2 (30. Qf4 $1 $16 {And now f6+ would win.} Kg8 31. f6) 30... f6 $11 31. Qe3 Bf7 32. c3 $36 {[%mdl 2048] Black must now prevent Qe7. White is more active.} Qa2 $2 {[%mdl 8192] [#]} (32... Qc7 $11) 33. Qe7 $1 $18 {[%csl LRb7,LRd6] White threatens Ne6+ and mate.} Qb1+ 34. Kh2 {White wants to mate with Ne6+.} gxf5 35. Ne6+ Kg6 36. Nd8 {[%mdl 64] Double Attack} Bg8 37. Qf8 {[%mdl 64] Trapped Piece. White mates.} f4 38. Qxg8+ {[%mdl 64] Double Attack} Kh6 39. Nf7+ {[%mdl 64] Double Attack} Kh5 40. Qg4# {Accuracy: White = 64%, Black = 49%.} 1-0

[Event "Ramco Open 2018"]
[Site "Virudhunagar"]
[Date "2018.12.01"]
[Round "5"]
[White "Kunal, M.."]
[Black "Syed Anwar, Shazuli"]
[Result "1-0"]
[WhiteElo "2233"]
[BlackElo "2174"]
[Annotator "TA"]
[PlyCount "113"]
[EventDate "2018.11.29"]
[EventType "swiss"]
[EventCountry "IND"]
[SourceTitle "playchess.com"]
[Source "ChessBase"]
[SourceQuality "1"]

{[%evp 36,113,0,0,9,10,70,64,60,54,72,72,78,75,143,134,160,105,93,39,44,29,31,47,29,0,16,0,0,0,0,0,43,44,56,39,93,93,91,77,87,82,84,93,86,65,66,66,73,0,0,0,66,64,64,72,66,8,229,229,258,0,0,-287,-264,-324,-318,-276,-275,-239,-239,-235,-228,-230,-160,-161,355,355,521,506]} 1. e4 c6 2. d4 d5 3. Nd2 dxe4 4. Nxe4 Bf5 5. Ng3 Bg6 6. h4 h6 7. Nf3 Nd7 8. h5 Bh7 9. Bd3 Bxd3 10. Qxd3 e6 11. Bd2 Ngf6 12. O-O-O Be7 13. Kb1 O-O 14. Ne4 Nxe4 {B19: Classical Caro-Kann: 4...Bf5 main line} (14... c5 15. g4 Nxg4 16. Qe2 Qb6 17. Ne5 Ndxe5 18. dxe5 f5 19. exf6 Nxf6 20. Nc3 Rad8 21. Rhg1 Kh8 22. Rg6 {½-½ (38) Saric,I (2662)-Nisipeanu,L (2672) Heraklio 2017}) 15. Qxe4 Nf6 16. Qe2 Qd5 17. Be3 Qb5 18. c4 Qf5+ 19. Ka1 {LiveBook: 18 Games} Ng4 20. Bc1 b5 (20... Rad8 $11) 21. Ne5 $14 Nxe5 22. dxe5 Rfd8 $146 23. g4 Qh7 24. f4 bxc4 (24... Kh8 $142) 25. Qxc4 $16 c5 {[#]} 26. Rhf1 (26. f5 $142 $1 {[%mdl 512]} Kh8 (26... exf5 27. e6) 27. Rxd8+ Rxd8 28. fxe6 fxe6 29. Qxe6) 26... Kh8 27. b3 (27. f5 $16) 27... Qg8 $14 28. Bb2 Rxd1+ 29. Rxd1 Rd8 30. Rf1 Rd5 31. a4 Qd8 32. Ka2 Rd2 33. f5 Qd5 (33... Rg2 {feels hotter.} 34. fxe6 fxe6 35. Qxe6 Rxb2+ 36. Kxb2 Qd2+) 34. Qxd5 exd5 {[%mdl 4096] Endgame KRB-KRB} 35. Kb1 Kh7 ({Black should play} 35... Bf8 $14) 36. e6 fxe6 37. fxe6 {Threatens to win with Rf7.} d4 38. Rf7 Bf6 39. Rxa7 Re2 40. Rc7 Re1+ $1 41. Ka2 {And now a5 would win.} Re2 $1 {aiming for ...d3.} 42. Kb1 ({White should try} 42. Ka3 $16) 42... Re1+ $1 $11 43. Ka2 ({Better is} 43. Kc2 $11 d3+ 44. Kxd3 Bxb2 45. e7) 43... Re2 $1 $14 44. Ka3 Rxe6 45. a5 Bd8 46. Ra7 (46. Rxc5 $14 Be7 47. Bxd4) 46... Be7 $2 (46... Rd6 $11) 47. Ka4 $18 Re2 48. a6 $2 (48. Kb5 $18) 48... Bg5 $11 49. Ba3 $2 {[%mdl 8192]} (49. Ka3 $1 $11 {and White has nothing to worry.} Bf6 50. Ra8) 49... Ra2 $19 50. Rc7 Bc1 $1 51. Rxc5 Rxa3+ {KRB-KR} ({Weaker is} 51... Bxa3 52. Rd5 $17) 52. Kb4 {[#]} Ra1 $1 53. Kb5 Be3 54. Rd5 Kg8 55. Rd7 Kf8 $4 {[%mdl 8192]} (55... Ra3 $19 {and all is fine. Strongly threatening ...Kh7.} 56. a7 Kh7) 56. a7 $18 Ke8 (56... Bg5 {was called for.}) 57. Rxg7 {Accuracy: White = 56%, Black = 44%.} 1-0

[Event "Ramco Open 2018"]
[Site "Virudhunagar"]
[Date "2018.12.01"]
[Round "5"]
[White "Ramnathan, Balasubramaniam"]
[Black "Srihari L R"]
[Result "1/2-1/2"]
[WhiteElo "2182"]
[BlackElo "2282"]
[Annotator "TA"]
[PlyCount "95"]
[EventDate "2018.11.29"]
[EventType "swiss"]
[EventCountry "IND"]
[SourceTitle "playchess.com"]
[Source "ChessBase"]
[SourceQuality "1"]

{[%evp 9,95,-4,22,14,41,16,21,22,22,16,21,14,17,11,19,12,25,18,20,21,39,38,58,64,71,58,52,26,23,31,39,23,35,35,20,0,53,14,15,22,39,20,32,0,32,-14,40,41,41,27,20,0,61,0,0,-30,0,-41,0,0,0,0,0,0,0,0,95,0,0,0,0,0,0,0,0,0,6,-19,-8,-20,0,0,18,9,21,11,33,0]} 1. Nf3 Nf6 2. b3 c5 3. Bb2 d6 (3... Nc6 4. e3 e6 5. d4 cxd4 6. Nxd4 Be7 7. Nxc6 dxc6 8. Bd3 Qa5+ 9. Nd2 e5 10. O-O Be6 11. Nc4 Bxc4 12. Bxc4 Ba3 13. Qc1 Bxb2 14. Qxb2 {½-½ (32) Nakamura,H (2769)-Anand,V (2759) Paris 2018}) 4. e3 e5 5. Bb5+ Bd7 (5... Nc6 {keeps more tension.} 6. d3 Be7 7. O-O O-O 8. h3 Bd7) 6. Bxd7+ {A05: Réti Opening: 1 Nf3 Nf6} Nbxd7 7. d3 $146 ({Predecessor:} 7. O-O Be7 8. c4 e4 9. Ne1 Ne5 10. Nc3 Qd7 11. d3 exd3 12. Nxd3 {1-0 (44) Pelletier,Y (2588)-Colmenares,A (2331) Basel 2015}) 7... g6 8. O-O {The position is equal.} Bg7 9. c4 O-O 10. Nc3 a6 11. Qc2 Re8 12. Rfd1 Qe7 13. a3 {[%cal Ba2a3,Ba3a4][%mdl 32]} Rab8 14. a4 a5 15. Nd2 Qe6 16. Nb5 Rec8 17. Rac1 d5 18. cxd5 Nxd5 19. Nc4 b6 20. Qe2 Rc6 21. Qf3 Rf8 22. Re1 Rcc8 (22... Nb4 $11) 23. Qe2 Rcd8 24. Ba3 f5 25. g3 Nb4 26. Red1 g5 27. f3 g4 (27... Nb8 $11) 28. fxg4 $14 fxg4 29. Rf1 e4 30. dxe4 Qxe4 31. Bxb4 (31. Rf4 $1 $14 Rxf4 32. gxf4) 31... cxb4 $11 32. Nd2 Qg6 33. Rxf8+ Bxf8 34. Qc4+ Kh8 {Hoping for ...Ne5.} 35. Qd4+ Bg7 36. Qd5 Qe8 37. Nc4 {[#] Threatens to win with Nbd6.} Ne5 (37... Nf6 $1 $11 38. Qb7 Nd5) 38. Ncd6 ({Better is} 38. Nbd6 $16 {And now Nxe5 would win.} Qg8 39. Rd1 Qxd5 40. Rxd5 Nf3+ 41. Kg2) 38... Qg8 39. Rd1 Nf3+ 40. Kg2 {Nf7+ is the strong threat.} Qxd5 41. Rxd5 Rf8 42. Nf5 Be5 $132 {[%mdl 2048] Black is fighting back} 43. Nbd4 Bxd4 44. Nxd4 Ne1+ 45. Kg1 Rf6 46. Nf5 {[#] Intending Rd8+ and mate.} Kg8 47. e4 Nf3+ 48. Kg2 {Accuracy: White = 41%, Black = 45%.} 1/2-1/2

[Event "Ramco Open 2018"]
[Site "Virudhunagar"]
[Date "2018.12.01"]
[Round "5"]
[White "Manigandan, S S"]
[Black "Laxman, R.R."]
[Result "0-1"]
[WhiteElo "2166"]
[BlackElo "2436"]
[Annotator "TA"]
[PlyCount "86"]
[EventDate "2018.11.29"]
[EventType "swiss"]
[EventCountry "IND"]
[SourceTitle "playchess.com"]
[Source "ChessBase"]
[SourceQuality "1"]

{[%evp 13,86,0,4,-8,30,0,16,18,18,15,16,27,27,0,4,0,29,29,19,27,22,13,14,13,42,35,32,39,95,103,100,96,102,107,129,129,131,128,129,129,133,120,134,74,136,104,256,268,266,239,231,235,268,260,235,133,133,132,133,133,133,133,143,143,153,142,181,147,199,154,191,191,191,-462,-462]} 1. d4 Nf6 2. Nf3 e6 3. c4 c5 4. d5 b5 5. dxe6 fxe6 6. cxb5 d5 7. g3 a6 {LiveBook: 36 Games. E10: Blumenfeld Gambit} 8. b6 (8. bxa6 Nc6 9. Bh3 Rxa6 10. O-O e5 11. Bxc8 Qxc8 12. Bg5 e4 13. Bxf6 exf3 14. Bc3 d4 15. Bd2 {1-0 (27) Korobov,A (2694)-Ponkratov,P (2613) Moscow 2015}) 8... Qxb6 9. Bg2 Nc6 {The position is equal.} 10. Nc3 Be7 11. O-O O-O 12. b3 Bd7 13. Bg5 $146 ({Predecessor:} 13. Ba3 Rac8 {0-1 (57) Quintana Hernandez,M (1993)-Conde Gomez,D Benidorm 2005}) 13... Rad8 14. Rc1 Nd4 15. Nxd4 cxd4 16. Na4 Bxa4 17. bxa4 h6 18. Rb1 Qc5 (18... Qa7 {seems wilder.} 19. Bxf6 Rxf6 20. Qd3 e5 21. Qb3 Qd7) 19. Bxf6 Bxf6 20. Qd3 Qa5 (20... Qa7 $14) 21. Bh3 $36 {[%mdl 2048] White has strong initiative.} Rd6 {[#]} 22. Qa3 $1 {[%cal Ra3d6]} Rfd8 23. Rfc1 Qd2 {[#]} 24. Rc8 $1 {[%mdl 512] And now Qxd6 would win.} Kh7 (24... Rxc8 25. Qxd6) 25. Rxd8 Rxd8 26. Bxe6 Qxe2 27. Bf5+ Kh8 28. Qd3 (28. Qb3 $142) 28... Qxa2 (28... Qxd3 $142 29. Bxd3 Rd6) 29. Qxa6 d3 $2 (29... Qc4 $16 30. Rb6 Qxa6 31. Rxa6 Kg8) 30. Bxd3 $18 Qd2 31. Rf1 Qg5 32. Bb1 Qd2 33. a5 Rf8 34. Qd3 ({White should play} 34. h4 $18) 34... Qxd3 $16 35. Bxd3 {[%mdl 4096] Endgame KRB-KRB} Bd4 36. Kg2 g5 37. f3 Rb8 38. Kh3 Rb2 39. Rd1 Be3 40. Re1 Bd4 (40... Bf2 $16 41. Re6 Rb3) 41. Re6 Rb3 42. Rxh6+ Kg7 {[#]} 43. Bf5 $4 {[%mdl 8192]} (43. Rd6 $1 $18) 43... Kxh6 {Accuracy: White = 70%, Black = 50%.} 0-1

[Event "Ramco Open 2018"]
[Site "Virudhunagar"]
[Date "2018.12.01"]
[Round "5"]
[White "Vinoth Kumar, M.."]
[Black "Prasannaa.s"]
[Result "0-1"]
[WhiteElo "2143"]
[BlackElo "2218"]
[Annotator "TA"]
[PlyCount "124"]
[EventDate "2018.11.29"]
[EventType "swiss"]
[EventCountry "IND"]
[SourceTitle "playchess.com"]
[Source "ChessBase"]
[SourceQuality "1"]

{[%evp 9,124,-54,-27,-36,-30,-30,-32,-34,-20,-57,-44,-56,-13,-66,54,-38,-29,-65,-76,-72,-45,-88,-80,-131,-124,-318,-326,-320,-305,-302,-310,-319,-261,-245,-266,-239,-171,-170,-111,-203,-136,-358,-160,-285,-262,-464,-443,-474,-473,-462,-435,-556,-539,-543,-535,-539,-539,-559,-585,-621,-316,-375,-362,-538,-519,-558,-556,-553,-542,-544,-539,-519,-519,-522,-497,-499,-484,-504,-479,-482,-464,-615,-607,-583,-623,-585,-591,-709,-610,-728,-692,-726,-716,-719,-714,-687,-669,-702,-567,-795,-664,-1044,-956,-965,-1069,-1335,-1533,-2425,-2529,-2741,-2250,-12836,-12836,-12843,-12843,-12843,-12843]} 1. g3 e5 2. Bg2 d5 3. e3 Nf6 4. Ne2 Nc6 5. b3 Bd6 6. Bb2 {A00: Irregular Openings} O-O 7. d3 Re8 8. Nd2 {Black is slightly better.} Be6 9. h3 Ne7 $146 ({Predecessor:} 9... h5 10. Nf3 Bf5 11. Kf1 e4 {0-1 (32) Jablonska,S (1957)-Vokac,M (2458) Stare Mesto 2013}) 10. e4 Ng6 11. h4 (11. exd5 $11 Bxd5 12. Bxd5 Nxd5 13. h4) 11... h5 (11... c6 $15) 12. Ng1 ({White should play} 12. exd5 $14 Bxd5 13. Bxd5 Nxd5 14. Nc3) 12... Bc5 13. Qe2 Ng4 $36 {[%mdl 2048] Black is in control.} 14. Nh3 a5 15. a3 c6 16. Bf3 (16. O-O $142) 16... Qd7 $17 17. Bxg4 $2 (17. a4 $17 {is a better defense.}) 17... Bxg4 $19 18. Qf1 dxe4 19. Nxe4 Bd4 20. c3 Bb6 21. f3 Bxh3 22. Rxh3 Rad8 23. O-O-O Qe6 ({Black should try} 23... f5 $19 24. Ng5 Be3+ 25. Kc2 Bxg5 26. hxg5 f4 27. Rxh5 fxg3) 24. Kc2 {[#]} (24. c4 $17) 24... a4 $1 {[%mdl 512]} 25. b4 $2 (25. bxa4 $17 Ne7 26. Rb1) 25... Ne7 (25... f5 $19 {has better winning chances.} 26. Ng5 Qa2) 26. Kb1 (26. c4 $17) 26... Nf5 {[%cal Be7f5,Bf5e3,Be3c4][%mdl 32]} 27. Qh1 $2 (27. Qe2 {was called for.}) 27... Ne3 28. Rd2 Qb3 29. Rhh2 Rd5 30. Ka1 Red8 31. Qb1 f5 32. Nf2 {[#]} Nc4 $1 {[%mdl 576] Pin} 33. Rd1 (33. dxc4 Rxd2) 33... Nxa3 (33... Nxb2 $2 34. Qxb2 Qxb2+ 35. Kxb2 $17) 34. Qa2 Qxa2+ 35. Kxa2 Bxf2 36. Kxa3 (36. Rxf2 {was the only chance.} Nc4 {[%mdl 64] Pin} 37. d4) 36... Bxg3 {Black is clearly winning.} 37. Rg2 f4 38. d4 exd4 39. cxd4 Re8 40. Bc1 Bxh4 41. Bxf4 Rf5 42. Be5 Rxf3+ 43. Kb2 Bf6 44. Bxf6 Rxf6 {[%mdl 4096] Endgame KRR-KRR} 45. Rg5 Rh6 46. Ka3 h4 {[%cal Bh5h4,Bh4h3,Bh3h2][%mdl 32]} 47. Kxa4 h3 48. Rgg1 Rh5 49. Rd3 h2 50. Rh1 Re4 51. Rd2 Reh4 52. Kb3 Kf7 53. Kc3 Ke6 54. Rg2 g5 {[%cal Bg7g5,Bg5g4][%mdl 32]} 55. Kc4 g4 56. b5 cxb5+ 57. Kb4 Kd5 58. Kxb5 Ke4+ 59. Kc4 b5+ 60. Kb4 Kf3 61. Rd2 g3 62. Rf1+ Ke3 {[%mdl 64] Double Attack. Accuracy: White = 30%, Black = 69%.} 0-1

[Event "Ramco Open 2018"]
[Site "Virudhunagar"]
[Date "2018.12.01"]
[Round "6"]
[White "Laxman, R.R."]
[Black "Kunal, M.."]
[Result "1/2-1/2"]
[WhiteElo "2436"]
[BlackElo "2233"]
[Annotator "TA"]
[PlyCount "34"]
[EventDate "2018.11.29"]
[EventType "swiss"]
[EventCountry "IND"]
[SourceTitle "playchess.com"]
[Source "ChessBase"]
[SourceQuality "1"]

{[%evp 9,34,-178,-168,-653,-206,-737,-600,-1018,-592,-938,-598,-775,-676,-792,-649,-861,-806,-1178,-938,-1243,-1081,-2405,-1340,-2343,-1132,-2546,-960]} 1. d4 Nf6 2. c4 d5 3. g3 (3. Nc3 g6 4. cxd5 Nxd5 5. e4 Nxc3 6. bxc3 c5 7. Be3 Bg7 8. Qd2 cxd4 9. cxd4 Nc6 10. Rd1 O-O 11. Nf3 Bg4 12. Be2 Qa5 13. O-O Rac8 14. h3 Bxf3 15. Bxf3 Qxd2 16. Rxd2 Na5 17. Bg5 Bf6 18. Bh6 Bg7 19. Bxg7 Kxg7 20. e5 {½-½ (45) Karpov,A (2616)-Ivanchuk,V (2771) Cap d'Agde 2012}) 3... dxc4 4. Qa4+ b5 $146 ({Predecessor:} 4... Bd7 5. Qxc4 Bc6 6. f3 Nbd7 7. Nc3 e5 8. e3 Nb6 9. Qd3 exd4 10. exd4 Bd6 {½-½ (80) Kuznetsov,M (2259)-Karas,M (2283) Senica 2017}) 5. Qc2 Bb7 ({Don't play} 5... Qxd4 6. Bg2 $17) 6. Bf4 $2 {[#] D06: Queen's Gambit: Symmetrical and Baltic Defences} (6. Nf3) 6... Nbd7 $2 (6... Bxh1 7. Nc3 a6) 7. Bd6 $2 (7. Nf3) 7... cxd6 {Black is clearly winning.} 8. Qd2 Nb6 9. b3 h6 10. d5 Nfd7 11. e3 Rc8 12. Be2 g5 {[#] Threatens to win with ...Bg7.} 13. Qb4 Rc7 14. g4 Qc8 15. Bd3 h5 {[%cal Bh6h5,Bh5h4,Bh4h3][%mdl 32]} 16. a4 h4 17. axb5 h3 {[%mdl 32768] An unexpected result.} 1/2-1/2